Climate change economics and policy (Record no. 659479)

MARC details
000 -LEADER
fixed length control field 00769nam a2200253Ia 4500
003 - CONTROL NUMBER IDENTIFIER
control field OSt
005 - DATE AND TIME OF LATEST TRANSACTION
control field 20220926034434.0
008 - FIXED-LENGTH DATA ELEMENTS--GENERAL INFORMATION
fixed length control field 220923b |||||||| |||| 00| 0 eng d
020 ## - INTERNATIONAL STANDARD BOOK NUMBER
-- 7.95
037 ## - SOURCE OF ACQUISITION
Terms of availability General Book
040 ## - CATALOGING SOURCE
Original cataloging agency RTL
Transcribing agency RTL
Language of cataloging eng
041 ## - LANGUAGE CODE
Source of code eng
Language code of text/sound track or separate title eng
100 ## - MAIN ENTRY--PERSONAL NAME
Personal name Toman Michael A Ed.
9 (RLIN) 245281
245 #0 - TITLE STATEMENT
Title Climate change economics and policy
260 ## - PUBLICATION, DISTRIBUTION, ETC.
Place of publication, distribution, etc. Washington
Name of publisher, distributor, etc. Resources for the Future U S A
Date of publication, distribution, etc. 2000
300 ## - PHYSICAL DESCRIPTION
Extent xii, 276p.
Dimensions cm.
490 ## - SERIES STATEMENT
Series statement Resources for the Future
650 ## - SUBJECT ADDED ENTRY--TOPICAL TERM
Topical term or geographic name entry element Environmental Economics
942 ## - ADDED ENTRY ELEMENTS (KOHA)
Classification part X:(G:55), P1
Koha item type General Books
Source of classification or shelving scheme Colon Classification (CC)
Holdings
Withdrawn status Lost status Source of classification or shelving scheme Damaged status Not for loan Home library Current library Date acquired Source of acquisition Total Checkouts Full call number Barcode Date last seen Price effective from Koha item type
          Ratan Tata Library Ratan Tata Library 2022-09-26 66752, 29/03/2001, IBD   X:(G:55) P1 RT1159311 2022-09-26 2022-09-26 General Books
Copyright @ Delhi University Library System